| 000 | 01068cam a22003257a 4500 | ||
|---|---|---|---|
| 003 | CHAP | ||
| 005 | 20220329141502.0 | ||
| 008 | 971013s r 00010 d | ||
| 010 | _a68904 | ||
| 011 | _a69876 | ||
| 035 | _a79354 | ||
| 040 | _cCHAP | ||
| 090 | _aR-3173 | ||
| 100 | 0 | 0 |
_aBehaghel, J. _911295 |
| 245 | 1 | 3 |
_aLa alimentación _b: fuente de salud y enfermedad |
| 500 | _aSobretiro de: Integral: ecología, salud y vida natural -- 2 ed. -- 1:30-34, 1985 | ||
| 501 | _aEnc. con otros impresos similares | ||
| 590 |
_aBATCH-UPD _b10 _c20130110 _lUCH01 _h0448 |
||
| 590 |
_aBATCH-UPD _b10 _c20130110 _lUCH01 _h2343 |
||
| 590 |
_aBATCH-UPD _b10 _c20130410 _lUCH01 _h0124 |
||
| 590 |
_aBATCH-UPD _b10 _c20130410 _lUCH01 _h1631 |
||
| 590 |
_aBATCH-UPD _b10 _c20130914 _lUCH01 _h0149 |
||
| 590 |
_aBATCH-UPD _b10 _c20130914 _lUCH01 _h2141 |
||
| 590 |
_aCONVERSION _b10 _c20130109 _lUCH01 _h1338 |
||
| 650 | 1 | 4 |
_aAlimentos _xContaminación. _94205 |
| 700 | 0 |
_aFlorín, Xavier. _941876 |
|
| 901 | _aBK | ||
| 942 | _cREIMP | ||
| 949 |
_aR-3173 _bBC _cR _d-32241 _eTS1 _i79354 _si |
||
| 999 |
_c68904 _d68904 |
||